000 00581nam a2200193 i 4500
001 90115
003 ES-MaACL
005 20230906180344.0
007 t|
008 050118s1969 sp ||||1| spa d
100 1 _aLefebvre, Henri.
_971225
245 1 0 _aSociología de Marx /
_cHenri Lefebvre ; [traducción, Juan Ramón Capella].
250 _a[1ª ed.].
260 _a[Barcelona] :
_bPenínsula,
_c[1969]
300 _a184 p. :
_bil. ;
_c20 cm.
650 4 _aSociología marxista.
_9144387
700 1 _aCapella, Juan-Ramón.
_934819
852 _aES-MaACL
_jC-36644
_bR.69444
999 _c90115
_d90115